Statistics for Disney Animated Characters Quiz #2

Click here to take the quiz!

General Stats

  • This quiz has been taken 60,002 times
    (41,860 since last reset)
  • The average score is 16 of 26

Answer Stats

Description Character % Correct
The Lion King's evil brotherScar
93%
Peter Pan's nautical nemesisCaptain Hook
93%
Aladdin's royal love interestJasmine
86%
The sea witch who takes Ariel's voiceUrsula
86%
Chinese warrior woman posing as a manFa Mulan
85%
British orphan raised by apesTarzan
80%
She saved Captain John Smith's lifePocahontas
75%
He opposes Hercules from the underworldHades
72%
Bambi's enthusiastic rabbit friendThumper
72%
A snowman who yearns for summerOlaf
71%
Evil queen who plots
against Princess Aurora
Maleficent
70%
He sings "The bear necessities"
to Mowgli
Baloo
69%
Belle's boorish, braggadocious suitorGaston
68%
Pinocchio's insect friend...and conscienceJiminy Cricket
66%
The evil Grand Vizier in AgrabahJafar
63%
The oldest of the Darling childrenWendy
57%
The kindly bell ringer of Notre DameQuasimodo
54%
Conniving prince who plots to murder ElsaHans
52%
Bengal tiger who tries to kill MowgliShere Khan
49%
The sheriff of Nottingham's cowardly bossPrince John
45%
She keeps Rapunzel locked up in a towerMother Gothel
36%
Orangutan who wants to be like MowgliKing Louie
36%
A butler who became an enchanted clockCogsworth
35%
Cinderella's evil stepmotherLady Tremaine
19%
Lady and Tramp's scottish terrier friendJock
17%
Witch doctor who turns a prince to a frogDoctor Facilier
13%

Score Distribution

Percentile by Number Answered

Percent of People with Each Score

Your Score History

You have not taken this quiz since the last reset